| 000 | 00391cam a2200157ua 4500 | ||
|---|---|---|---|
| 003 | OSt | ||
| 008 | 250320b |||||||| |||| 00| 0 eng d | ||
| 041 | _aeng | ||
| 082 |
_a623.13 _bSCH/WI |
||
| 100 |
_aSchneider, Leo . _97319 |
||
| 245 | _aWings in your future / | ||
| 260 |
_aLondon : _bMcMillon & Co Ltd , _c1959. |
||
| 300 | _a151 ; . | ||
| 700 | 1 |
_aAmes, Mauriceu . _97320 |
|
| 942 | _cBK | ||
| 999 |
_c6103 _d6103 |
||